| 000 | 004610000a22001810004500 | ||
|---|---|---|---|
| 003 | MACL | ||
| 005 | 20160122162607.0 | ||
| 008 | 160122b xxu||||| |||| 00| 0 eng d | ||
| 040 |
_aMACL _cMACL |
||
| 041 | _aEnglish | ||
| 082 | _a551.48/PAT | ||
| 100 |
_aPatra, K C _934158 |
||
| 245 | _aHydrology and Water Resources Engineering | ||
| 260 |
_bNarosa publishing _aNew Delhi |
||
| 350 | _a295 | ||
| 650 |
_aEarth Science _95772 |
||
| 942 |
_cBK _k551.48/pat _2ddc |
||
| 999 |
_c31937 _d31937 |
||